From hired gun to lone ranger (Record no. 109974)
[ view plain ]
| 000 -LEADER | |
|---|---|
| fixed length control field | 01102cad a22002175a 4500 |
| 001 - CONTROL NUMBER | |
| control field | E148249 |
| 008 - FIXED-LENGTH DATA ELEMENTS--GENERAL INFORMATION | |
| fixed length control field | 090824s2008 xxk f 000 0 eng d |
| 035 ## - SYSTEM CONTROL NUMBER | |
| System control number | (Sirsi) u148249 |
| 041 0# - LANGUAGE CODE | |
| Language code of text/sound track or separate title | eng |
| 050 04 - LIBRARY OF CONGRESS CALL NUMBER | |
| Classification number | 347.4207 $2 18 |
| 100 1# - MAIN ENTRY--PERSONAL NAME | |
| Personal name | Rees, Peter J. |
| 245 00 - TITLE STATEMENT | |
| Title | From hired gun to lone ranger |
| Remainder of title | the evolving role of the party-appointed expert witness |
| Medium | [electronic resource] |
| 260 ## - PUBLICATION, DISTRIBUTION, ETC. | |
| Place of publication, distribution, etc. | [S.l.] |
| Name of publisher, distributor, etc. | [s.n.] |
| Date of publication, distribution, etc. | 2008 |
| 520 ## - SUMMARY, ETC. | |
| Summary, etc. | Outlines the history of the role of expert witness, and goes on to examine the development of party-appointed experts and the lessons which have been learned over the years. Finally, discusses the main points of the Chartered Institute of Arbitrators' "Protocol for the Use of Party Appointed Expert Witnesses in International Arbitration". |
| 521 ## - TARGET AUDIENCE NOTE | |
| Target audience note | Advanced |
| 590 ## - LOCAL NOTE (RLIN) | |
| Local note | KA |
| 651 #4 - SUBJECT ADDED ENTRY--GEOGRAPHIC NAME | |
| Geographic name | Scotland |
| Chronological subdivision | 1999- |
| 690 ## - LOCAL SUBJECT ADDED ENTRY--TOPICAL TERM (OCLC, RLIN) | |
| Topical term or geographic name as entry element | MANAGEMENT-DISPUTE AVOIDANCE, MANAGEMENT AND RESOLUTION-DISPUTE MANAGEMENT AND RESOLUTION |
| 856 40 - ELECTRONIC LOCATION AND ACCESS | |
| Uniform Resource Identifier | <a href="https://www.ciarb.org/scotland/information-resources/articles/">https://www.ciarb.org/scotland/information-resources/articles/</a> |
| Public note | View the article free of charge at www.ciarb.org/scotland |
| 942 ## - ADDED ENTRY ELEMENTS (KOHA) | |
| Suppress in OPAC | 0 |
| Withdrawn status | Lost status | Source of classification or shelving scheme | Damaged status | Not for loan | Home library | Current library | Shelving location | Date acquired | Total Checkouts | Full call number | Barcode | Date last seen | Copy number | Price effective from | Koha item type |
|---|---|---|---|---|---|---|---|---|---|---|---|---|---|---|---|
| Dewey Decimal Classification | Virtual | Virtual | Online | 24/08/2009 | ONLINE PUBLICATION | 148249-2001 | 06/08/2019 | 1 | 06/08/2019 | Book |